| Tag |
First Indicator |
Second Indicator |
Subfields |
| LEADER |
00000cam a2200000 i 4500 |
| 001 |
in00005637310 |
| 006 |
m o d |
| 007 |
cr |n||||||||a |
| 008 |
090110s1991 ctu o 000 0 eng d |
| 005 |
20250331202357.1 |
| 035 |
|
|
|a (OCoLC)ocn593566502
|
| 040 |
|
|
|a ALSTP
|b eng
|e pn
|c ALSTP
|d OCLCQ
|d RRP
|d OCLCF
|d OCLCO
|d OCLCQ
|d OCLCO
|d OCLCL
|d SXB
|d OCLCQ
|d OCLCO
|d OCLCQ
|
| 035 |
|
|
|a (OCoLC)593566502
|
| 043 |
|
|
|a n-us---
|
| 050 |
|
4 |
|a K29
|b .M685 1991
|
| 049 |
|
|
|a TXAM
|
| 100 |
1 |
|
|a Motley, Constance Baker,
|d 1921-2005.
|1 https://id.oclc.org/worldcat/entity/E39PBJjmVjpvKK3t9cPPwY9qwC
|
| 245 |
1 |
0 |
|a My personal debt to Thurgood Marshall /
|c by Constance Baker Motley.
|
| 250 |
|
|
|a [1st electronic ed.].
|
| 260 |
|
|
|a New Haven, CT :
|b Yale Law Journal Press,
|c 1991.
|
| 300 |
|
|
|a 1 online resource.
|
| 336 |
|
|
|a text
|b txt
|2 rdacontent
|
| 337 |
|
|
|a computer
|b c
|2 rdamedia
|
| 338 |
|
|
|a online resource
|b cr
|2 rdacarrier
|
| 490 |
1 |
|
|a The Yale Law Journal ;
|v v. 101 no. 1:19-24
|
| 650 |
|
0 |
|a African Americans
|x Intellectual life.
|
| 651 |
|
0 |
|a United States
|x Civilization
|x African American influences.
|
| 650 |
|
6 |
|a Noirs américains
|x Vie intellectuelle.
|
| 651 |
|
6 |
|a États-Unis
|x Civilisation
|x Influence noire américaine.
|
| 650 |
|
7 |
|a African Americans
|x Intellectual life
|2 fast
|
| 650 |
|
7 |
|a Civilization
|x African American influences
|2 fast
|
| 651 |
|
7 |
|a United States
|2 fast
|1 https://id.oclc.org/worldcat/entity/E39PBJtxgQXMWqmjMjjwXRHgrq
|
| 655 |
|
7 |
|a Electronic books.
|2 local
|
| 710 |
2 |
|
|a Alexander Street (Firm)
|
| 830 |
|
0 |
|a Yale Law Journal (Online). ;
|v v. 101 no. 1:19-24.
|
| 830 |
|
0 |
|a Black thought and culture.
|
| 856 |
4 |
0 |
|u http://proxy.library.tamu.edu/login?url=https://www.aspresolver.com/aspresolver.asp?BLTC;S11667
|z Connect to the full text of this electronic book
|t 0
|
| 936 |
|
|
|a BATCHLOAD
|
| 955 |
|
|
|a Alexander Street - Black Thought and Culture
|
| 994 |
|
|
|a 92
|b TXA
|
| 999 |
f |
f |
|s 19e28a56-a5e7-4949-a660-b86e057a2f81
|i 5891cd72-9dee-4ae9-a70b-0a3e72d6f9b6
|t 0
|
| 952 |
f |
f |
|a Texas A&M University
|b College Station
|c Electronic Resources
|d Available Online
|t 0
|e K29 .M685 1991
|h Library of Congress classification
|
| 998 |
f |
f |
|a K29 .M685 1991
|t 0
|l Available Online
|